<?xml version="1.0" encoding="UTF-8"?>
<record
    xmlns:xsi="http://www.w3.org/2001/XMLSchema-instance"
    xsi:schemaLocation="http://www.loc.gov/MARC21/slim http://www.loc.gov/standards/marcxml/schema/MARC21slim.xsd"
    xmlns="http://www.loc.gov/MARC21/slim">

  <leader>00644    a2200193   4500</leader>
  <controlfield tag="001">132759</controlfield>
  <datafield tag="020" ind1=" " ind2=" ">
    <subfield code="a">85-08-08756-X</subfield>
  </datafield>
  <datafield tag="040" ind1=" " ind2=" ">
    <subfield code="c">Leonardo Da Vinci</subfield>
  </datafield>
  <datafield tag="041" ind1=" " ind2=" ">
    <subfield code="a">Portugu&#xEA;s</subfield>
  </datafield>
  <datafield tag="082" ind1=" " ind2=" ">
    <subfield code="a">IJ R576a</subfield>
    <subfield code="b">R576a</subfield>
  </datafield>
  <datafield tag="100" ind1=" " ind2=" ">
    <subfield code="a">ROCHA, Ruth</subfield>
  </datafield>
  <datafield tag="245" ind1=" " ind2=" ">
    <subfield code="a">Almanaque Ruth Rocha</subfield>
  </datafield>
  <datafield tag="260" ind1=" " ind2=" ">
    <subfield code="b">&#xC1;tica</subfield>
    <subfield code="c">2004</subfield>
    <subfield code="a">S&#xE3;o Paulo</subfield>
  </datafield>
  <datafield tag="300" ind1=" " ind2=" ">
    <subfield code="a">136</subfield>
  </datafield>
  <datafield tag="362" ind1=" " ind2=" ">
    <subfield code="a">20040000</subfield>
  </datafield>
  <datafield tag="500" ind1=" " ind2=" ">
    <subfield code="a">Alberto Linares (Ilustra&#xE7;&#xE3;o)</subfield>
  </datafield>
  <datafield tag="697" ind1=" " ind2=" ">
    <subfield code="a">Literatura infanto-juvenil</subfield>
    <subfield code="a">Contos</subfield>
    <subfield code="a">Datas comemorativas</subfield>
    <subfield code="a">Brincadeiras</subfield>
    <subfield code="a">Charadas</subfield>
    <subfield code="a">Can&#xE7;&#xF5;es</subfield>
    <subfield code="a">Esta&#xE7;&#xF5;es do ano</subfield>
    <subfield code="a">Experi&#xEA;ncia cient&#xED;fica</subfield>
    <subfield code="a">Fases da lua</subfield>
    <subfield code="a">Folclore</subfield>
    <subfield code="a">Piadas</subfield>
    <subfield code="a">Prov&#xE9;rbios</subfield>
    <subfield code="a">Big Bang</subfield>
    <subfield code="a">Poema</subfield>
    <subfield code="a">Festa junina</subfield>
  </datafield>
  <datafield tag="942" ind1=" " ind2=" ">
    <subfield code="c">BK</subfield>
  </datafield>
  <datafield tag="952" ind1=" " ind2=" ">
    <subfield code="0">0</subfield>
    <subfield code="1">0</subfield>
    <subfield code="4">0</subfield>
    <subfield code="7">0</subfield>
    <subfield code="a">71.1</subfield>
    <subfield code="b">71.1</subfield>
    <subfield code="d">2024-03-27</subfield>
    <subfield code="l">0</subfield>
    <subfield code="o">IJ R576a</subfield>
    <subfield code="p">O006380</subfield>
    <subfield code="r">2024-03-27 22:32:09</subfield>
    <subfield code="w">2024-03-27</subfield>
    <subfield code="y">BK</subfield>
  </datafield>
  <datafield tag="999" ind1=" " ind2=" ">
    <subfield code="c">132759</subfield>
    <subfield code="d">132759</subfield>
  </datafield>
</record>
